000 00685nam a2200241Ia 4500
003 OSt
005 20221005092018.0
006 a|||||r|||| 00| 0
007 ta
008 221004b |||||||| |||| 00| 0 eng d
024 _a121911
037 _bGift, 09/10/2012,
_cTextual
040 _aCRL
_cCRL
_beng
041 _2eng
_aeng
082 _aO111,3M82w, L2
100 _aBell Quentin
245 0 _aVirginia woolf a biography
260 _aNew York
_bQuality Paperback Book Club U.S.A
_c1972
300 _axvii, 314p.
_ccm.
650 _aENGLISH LITERATURE
942 _hO111,3M82w, L2
_cTEXL
_2cc
999 _c998153
_d998153